02261nam a22002417a 4500001001000000003001100010005001700021008004100038040001800079050001900097082001100116100004000127240051600167245050400683250002101187260005401208300001701262440051001279500003201789505010701821650003401928651005701962BRCA_9299FranzMayer20230726134606.0230726b |||||||| |||| 00| 0 eng d aMFMbespcMFM 4aLM49bP37 1751 2CR34991 4AutoraParexa de Quesada, Gabrielis1 aL. D. Gabrielis de Parexa et Quesada in supremo sanctissimae inquisitions. Senatu Pauperum Advocati & in aliis hujus Regiae Curiae caufarum Patroni, De universa Instrumentorum Editione. hTomus Secundus. In quo quinque pofteriores Títuli enucleantur, totaque Editionis materia ad praxim & ftylum hodiernum accommodata, indifeffoque labore in fimul junsta confpicitur. Opus fane Indicibus, tam Ecclefiafticis, quam Saecularibus, Congefforibus. Advocatis & aliis in utroque foro verfantibus utiliffimumlLatín0 aL.D. Gabrielis de Parexa et Quesada in supremo sanctissimae inquisitions. Senatu Pauperum Advocati & in aliis hujus Regiae Curiae caufarum Patroni,De universa Instrumentorum Editione.bTomus Secundus. In quo quinque pofteriores Títuli encleantur, totaque Editionis materia ad praxim & ftylum hodiernum accommodata, indifeffoque labore in fimul junsta confpicitur. Opus fane indicibus, tam Ecclefiafticis, quam Secularibus, Confefforibus. Adbvocatis & aliis in utroque foro verfantibus utiliffinum. aEdición novena aLugdunibSumptibus Petri Bruyset & Sociorumc1751 a246 pc37 cm aL.D. Gabrielis de Parexa et Quesada in supremo sanctissimae inquisitionis. Senatu Pauperum Advocati & in aliis huju Regiae Curiae caufarum Patroni. De Universa Insstrumentorum EditionenTomus SecunduspIn quo quinque pofteriores Titulli enucleantur, totaque Editions materia ad praxim & flylum hodiernum accommodata, indefeffoque labore in fimul juncta confpicitur. Opus fane Judicibus, tam Ecclefiafticis, quam Saecularibus, Confefforibus Advocatis & aliis i utroque foro verfantibus utiliffmum.vVol II. aCon privilegio de la Corona0 aTexto en: latínDirigido a: historiadores, sociólogos y antropólogos.Incluye índice temático.1 2RealezaaHerenciavProvincias2 2Títulos de honoraTítulos de realezavHaciendas